| 000 | 00389nam a2200133Ia 4500 | ||
|---|---|---|---|
| 008 | 210430s9999 xx 000 0 und d | ||
| 020 | _a0-7506-9385-1 | ||
| 082 | _a660.28 W 151 C | ||
| 100 |
_aStanley M.Walas _952880 |
||
| 245 |
_aChemical Process Equipment Selection and Design _cStanley M.Walas |
||
| 260 |
_aLondon _bButter worth Heinemann _c1990 |
||
| 300 | _a755p | ||
| 942 |
_cBK _2ddc |
||
| 999 |
_c562376 _d562376 |
||